Estatísticas para Países mais próximos da Libéria

Clique aqui para jogar o quiz

Estatísticas Gerais

  • Esse quiz foi jogado 23 vezes
  • A pontuação média é 17 de 20

Estatísticas das Respostas

kmpaís% Correto
469Gana
100%
0Guiné
95%
519Guiné-Bissau
95%
721Mauritânia
90%
1203Níger
90%
1118Nigéria
90%
452Senegal
90%
0Serra Leoa
90%
886Togo
90%
997Benim
86%
1574Cabo Verde
86%
1778Camarões
86%
0Côte d'Ivoire
86%
1773Guiné Equatorial
81%
1811Argélia
76%
665Gâmbia
76%
281Mali
76%
1620São Tomé e Príncipe
76%
450Burkina Faso
71%
1458Saara Ocidental
33%

Distribuição das Pontuações

Percentil de Números Respondidos

Porcentagem de Pessoas com Cada Pontuação

Sua Pontuação Histórica

Você não jogou esse quiz